000 00875nam a2200301 i 4500
001 16631
003 ES-MaACL
005 20250707071752.0
007 t|
008 001020s1999 sp ||||0| spa j
020 _a84-89846-76-6
040 _aM-BN
_bspa
_cM-BN
080 _a611.92
080 _a616.31-009.7
100 1 _aCole, Jonathan.
_939566
245 1 0 _aDel rostro /
_cJonathan Cole ; traducción, Catalina Martínez Muñoz.
250 _a1ª ed.
260 _aBarcelona :
_bAlba,
_c1999.
300 _a358 p. ;
_c22 cm.
490 1 _aA trayectos. Serie Lecturas ;
_v7
650 1 4 _aCara-
_xAnatomía.
_910770
650 1 4 _aCara-
_xEnfermedades.
_910772
700 1 _aMartínez Muñoz, Catalina.
_978271
830 0 _aA trayectos
_v7
_9189000
852 _aES-MaACL
_jL-23673
_bR.128422
999 _c16631
_d16631